Aspectos microeconómicos del nuevo modelo económico en América Latina /

Đã lưu trong:
Chi tiết về thư mục
Tác giả chính: Peres, Wilson
Định dạng: Texto
Những chủ đề:
Các nhãn: Thêm thẻ
Không có thẻ, Là người đầu tiên thẻ bản ghi này!

MARC

LEADER 00000 a a2200000 04500
001 10297
003
040
100 |a Peres, Wilson  
245 |a Aspectos microeconómicos del nuevo modelo económico en América Latina /  |c Wilson Peres 
650 |a ECONOMIA  
650 |a MICROECONOMIA  
650 |a CONDICIONES ECONOMICAS  
650 |a ASPECTOS ECONOMICOS  
773 |g número 9; páginas 4-5  
999 |c 35108  |d 35108